| 000 | 01921nam0a2200373 4500 | ||
|---|---|---|---|
| 001 | RU\NLR\BIBL_A\010363901 | ||
| 005 | 20250614042921.0 | ||
| 021 |
_aRU _b2014-26196 _91622 |
||
| 035 | _a(NILC)LIBNET\0000434828 | ||
| 035 | _a(NLR Aleph) 010363901 | ||
| 090 |
_a9588224 _c9588224 |
||
| 100 | _a20140603d2013 |||y0rusy50 ca | ||
| 101 | 0 |
_arus _deng |
|
| 102 | _aRU | ||
| 105 | _aa j 000yy | ||
| 200 | 1 |
_aМеждународный бизнес _eучебное пособие для студентов экономических специальностей и направлений _fН.Н. Щебарова, И.А. Куркова _gНегос. образоват. учреждение высш. проф. образования Мурм. акад. экономики и упр. |
|
| 210 |
_aМурманск _cМурманская академия экономики и управления _cПетров А.Л. _d2013 |
||
| 215 |
_a219 с. _cил. _d20 |
||
| 300 | _aРез. на англ. яз. | ||
| 320 | _aБиблиогр.: с. 213-217 (73 назв.) и в подстроч. примеч. | ||
| 606 | 1 |
_aПредпринимательство международное _jУчебные издания для высших учебных заведений _92103724 _3RU\NLR\AUTH\661272030 |
|
| 686 |
_a65.428я73 _vLBC/M _2rubbk |
||
| 686 |
_a65.298я73 _vLBC/M _2rubbk |
||
| 686 | 1 | _aУ5-13я73 | |
| 700 | 1 |
_aКуркова _bИ. А. _cканд. экон. наук _gИрина Анатольевна |
|
| 701 | 1 |
_aКуркова _bИ. А. _cканд. экон. наук _gИрина Анатольевна _9155099 _3RU\NLR\AUTH\770155138 |
|
| 801 | 0 |
_aRU _bМурманская ГОУНБ _c20140325 _grcr |
|
| 801 | 1 |
_aRU _bМурманская ГОУНБ _c20140325 |
|
| 830 | _a040 | ||
| 942 | _cBOOK | ||
| 980 | _aNBR | ||
| 980 | _aNB | ||